000 00580nam a22001577a 4500
003 NUST
082 _a629.8
100 _aAhmed ,Mateen
_9126507
245 _aBidirectional Language Agnostic Framework for Sign Language Production and Recognition /
_cMateen Ahmed
264 _aIslamabad :
_bSMME- NUST;
_c2024.
300 _a69p. ;
_bSoft Copy
_c30cm.
650 _aMS Robotics and Intelligent Machine Engineering
_9119486
700 _aSupervisor: Dr. Muhammad Tauseef Nasir
_9125951
856 _uhttp://10.250.8.41:8080/xmlui/handle/123456789/47354
942 _2ddc
_cTHE
999 _c612180
_d612180